Τα ιδιώματα της Καρπάθου : διδακτορική διατριβή
Αποθηκεύτηκε σε:
| Κύριος συγγραφέας: | |
|---|---|
| Μορφή: | Βιβλίο |
| Γλώσσα: | Greek |
| Δημοσίευση: |
Αθήνα :
[χ.ό.],
1970.
|
| Θέματα: | |
| Ετικέτες: |
Προσθήκη ετικέτας
Δεν υπάρχουν, Καταχωρήστε ετικέτα πρώτοι!
|
MARC
| LEADER | 00000cam a2200000 i 4500 | ||
|---|---|---|---|
| 001 | 1/74562 | ||
| 008 | 961206s1970 gr | ||| |||| ||gre|| | ||
| 035 | |a 1996 |b 3 |c Δωρεά |l 10031854 | ||
| 040 | |a GR-MY-UA |b gre |e aacr | ||
| 041 | 0 | |a gre | |
| 082 | 7 | |a 489.37 |2 (22) | |
| 100 | 1 | |a Μηνάς, Κωνσταντίνος, |d 1937- | |
| 245 | 1 | 3 | |a Τα ιδιώματα της Καρπάθου : |b διδακτορική διατριβή / |c Κων. Μηνάς. |
| 260 | |a Αθήνα : |b [χ.ό.], |c 1970. | ||
| 300 | |a 181 σ. ; |c 25 εκ. | ||
| 500 | |a Αρχικά παρουσιάσθηκε ως διατριβή (διδακτορική) του συγγραφέα -- Αριστοτέλειο Πανεπιστήμιο Θεσσαλονίκης, Φιλοσοφική Σχολή. | ||
| 500 | |a Εναίσιμος επί διδακτορία διατριβή υποβληθείσα εις την Φιλοσοφικήν Σχολήν του Αριστοτελείου Πανεπιστημίου Θεσσαλονίκης. | ||
| 504 | |a Περιλαμβάνει βιβλιογραφικές παραπομπές και ευρετήρια. | ||
| 650 | 0 | 0 | |a Greek language |x Dialects |z Greece |z Karpathos (Municipality) |
| 852 | |a INST |b RHODES |e 19961206 |h 489.37 ΜΗΝ |p 005400006918 |q 005400006918 |t BK |y 0 | ||
| 909 | |a Ρ |b 042910 | ||
| 970 | |z 2000/06 | ||